Tentación de la utopía: las misiones Jesuísticas del Paraguay
Saved in:
| Main Authors: | , |
|---|---|
| Format: | Bog |
| Sprog: | spansk |
| Udgivet: |
Barcelona
Tusquets-Circulo
1990
|
| Serier: | Biblioteca del nuevo mundo 1492-1992, 5
|
| Fag: | |
| Tags: |
Tilføj Tag
Ingen Tags, Vær først til at tagge denne postø!
|
MARC
| LEADER | 00000nam a2200000 a 4500 | ||
|---|---|---|---|
| 001 | UCY1840 | ||
| 003 | CL-VaPUC | ||
| 008 | 940922e19900000SP |||||||||||||||||spa|d | ||
| 082 | 0 | 4 | |a 989.203 |b BAR |2 21 |
| 100 | 0 | |a Bareiro Saguier, Ruben |e author |9 329883 | |
| 700 | 0 | |a Duviols, Jean Paul |e author |9 329884 | |
| 245 | 1 | 0 | |a Tentación de la utopía: las misiones Jesuísticas del Paraguay |
| 300 | |a 216 p | ||
| 942 | |c BK | ||
| 945 | |d 19940922 00:00:00 |a oaravena | ||
| 260 | |a Barcelona |b Tusquets-Circulo |c 1990 | ||
| 650 | 0 | |a Jesuitas |9 268366 | |
| 650 | 0 | |a Historia |9 255047 | |
| 650 | 7 | |a MISIONES JESUISTICAS |2 CL-VaPUC |9 329885 | |
| 651 | 0 | |a Paraguay |9 255336 | |
| 583 | |a last modification |c 19940922 00:00:00 |k Rodrigo Vera | ||
| 490 | 0 | |a Biblioteca del nuevo mundo 1492-1992, 5 | |
| 999 | |c 230424 |d 230422 | ||
| 952 | |0 0 |1 0 |4 0 |6 989_203000000000000_BAR_1990 |7 0 |8 A |9 232686 |a BIBARQ |b BIBARQ |d 2019-11-15 |i 3017478 |o 989.203 BAR 1990 |p 3017478 |r 2025-01-20 |w 2019-11-15 |y BK |k ARQ | ||
| 952 | |0 0 |1 0 |4 0 |6 989_203000000000000_BAR_1990 |7 0 |8 A |9 232687 |a BIBHIS |b BIBHIS |d 2019-11-15 |i 3085252 |o 989.203 BAR 1990 |p 3085252 |r 2025-01-20 |w 2019-11-15 |y BK |k HIS | ||